[Event "Challenge"]
[Site "http://www.queenalice.com/game.php?id=1571031"]
[Date "2019.5.15"]
[Round "-"]
[White "ariberi"]
[Black "Torpedo_Titz"]
[Result "1-0"]
[WhiteElo "1515"]
[BlackElo "1607"]

1. e4 g6 2. e5 d5 3. d4 Nc6 4. Nf3 Bg4 5. Be2 Qd7 6. O-O O-O-O 7. b3 f6 8. c4
Bxf3 9. Bxf3 fxe5 10. cxd5 Nxd4 11. Nc3 Nxf3+ 12. Qxf3 Nf6 13. Re1 Nxd5 14. Nxd5
Qxd5 15. Qe3 Qd1 16. Bb2 Qh5 17. Bxe5 Rg8 18. Qxa7 e6 19. Rac1 Bd6 20. Bg3 Qg5
21. Qa8+ Kd7 22. Qxb7 1-0

[Event "Challenge"]
[Site "http://www.queenalice.com/game.php?id=1599016"]
[Date "2020.2.10"]
[Round "-"]
[White "din4"]
[Black "Torpedo_Titz"]
[Result "0-1"]
[WhiteElo "1522"]
[BlackElo "1566"]

1. d4 g6 2. e4 Nf6 3. Qf3 d5 4. e5 Ne4 5. Bd3 f5 6. Nh3 e6 7. Nf4 Bh6 8. g3 Nc6
9. g4 Nxd4 10. Qh3 fxg4 11. Qxh6 Qg5 12. Qg7 Rf8 13. Ne2 Qh4 14. Bxe4 Qxf2+ 15.
Kd2 Qxe2+ 16. Kc3 Qc4+ 17. Kd2 Rf2+ 18. Ke3 Re2+ 19. Kf4 Rxe4+ 20. Kg5 Nf3+ 21.
Kh6 Rxe5 22. Qh8+ Kd7 23. Qxh7+ Kc6 24. Qxg6 Bd7 25. b3 Qb4 26. c3 Rh8+ 27. Kg7
Qf8# 0-1

[Event "Challenge"]
[Site "http://www.queenalice.com/game.php?id=1599798"]
[Date "2020.2.17"]
[Round "-"]
[White "din4"]
[Black "Torpedo_Titz"]
[Result "0-1"]
[WhiteElo "1522"]
[BlackElo "1593"]

1. d4 b6 2. d5 e5 3. e4 c5 4. d6 Qf6 5. Qd5 Nc6 6. Bb5 Nge7 7. dxe7 Bxe7 8. h4
h6 9. Rh3 Bb7 10. Rd3 O-O-O 11. g3 Nd4 12. Qc4 d5 13. exd5 Bxd5 14. Qa4 a5 15.
Rxd4 cxd4 16. Nd2 Bg2 17. Nc4 Bc5 18. Nxa5 d3 19. Be3 d2+ 20. Ke2 Bxe3 21. Nc6
Qxf2+ 22. Kd1 Qe1# 0-1

[Event "Let's Play Chess!"]
[Site "http://www.queenalice.com/game.php?id=1600698"]
[Date "2020.2.25"]
[Round "-"]
[White "Torpedo_Titz"]
[Black "charles31"]
[Result "0-1"]
[WhiteElo "1654"]
[BlackElo "1684"]

1. c4 e5 2. d4 exd4 3. Qxd4 Nc6 4. Qd3 Bb4+ 5. Nc3 a6 6. Be3 d6 7. O-O-O Nf6 8.
Bg5 h6 9. Bxf6 Qxf6 10. Nd5 Qg5+ 11. e3 Ba5 12. Nf3 Qg6 13. Qa3 Be6 14. g3 Bxd5
15. Rxd5 Nb4 16. Nd4 c5 17. Qa4+ Ke7 18. Qxa5 Nxd5 19. cxd5 cxd4 20. Qc7+ Ke8
21. Qxb7 Rd8 22. Qc6+ Ke7 23. Bxa6 dxe3 24. Re1 Rhe8 25. Rxe3+ Kf8 26. Rxe8+
Rxe8 27. b4 Re1+ 28. Kb2 Qb1+ 29. Ka3 Re8 30. Qxd6+ Kg8 31. Qc7 Ra8 32. b5 Qd3+
33. Kb4 Qxd5 34. Qc6 Qd4+ 35. Ka5 Qd2+ 36. Kb6 Qxf2+ 37. Kc7 Qa7+ 38. Bb7 Qb8+
39. Kb6 Rxa2 40. Qc8+ Qxc8 41. Bxc8 Kf8 42. Kc7 Rc2+ 43. Kb7 Ke8 44. Bg4 Kd8 45.
b6 Rxh2 46. Ka7 Ra2+ 47. Kb8 Ra3 48. b7 g6 49. Be2 Rxg3 50. Ba6 Rb3 51. Bc4 Rb2
52. Ka7 Kc7 53. Bd5 f5 54. Bc4 Rxb7+ 55. Ka8 Rb4 56. Ba6 g5 57. Bb7 f4 0-1

[Event "Let's Play Chess!"]
[Site "http://www.queenalice.com/game.php?id=1601692"]
[Date "2020.3.4"]
[Round "-"]
[White "igorjava"]
[Black "Torpedo_Titz"]
[Result "1-0"]
[WhiteElo "1831"]
[BlackElo "1644"]

1. e4 b6 2. d4 d5 3. e5 c5 4. c3 c4 5. b3 b5 6. a4 Qa5 7. b4 Qa6 8. Bb2 Qc6 9.
axb5 Qxb5 10. Be2 Nc6 11. Nf3 Bf5 12. O-O e6 13. Na3 Qb6 14. Qd2 Be7 15. Bd1 Nh6
16. Bc2 O-O 17. h3 Be4 18. Bxe4 dxe4 19. Ng5 f5 20. Nxe6 Nxb4 21. Nxf8 Nd3 22.
Rfb1 Qc6 23. Nd7 Rd8 24. Nc5 Nxc5 25. Qe2 Nd3 26. Nc2 Qb6 27. Ba3 Qc7 28. Bxe7
Qxe7 29. Nb4 Qh4 30. Nxd3 cxd3 31. Qe3 Rf8 32. Rxa7 1-0

[Event "AUTO-INT-3660"]
[Site "http://www.queenalice.com/game.php?id=1649825"]
[Date "2021.4.16"]
[Round "1"]
[White "SamuraiJOM"]
[Black "Torpedo_Titz"]
[Result "0-1"]
[WhiteElo "1647"]
[BlackElo "1649"]

1. e4 c5 2. d3 e5 3. Nf3 Nc6 4. Nc3 Nf6 5. h3 Bd6 6. Ne2 O-O 7. Ng3 g6 8. Bh6
Re8 9. Nh4 Qa5+ 10. Bd2 Qb5 11. b3 a5 12. c3 Nd4 13. cxd4 cxd4 14. a4 Qa6 15.
Be2 Be7 16. O-O Nd5 17. exd5 Bxh4 18. b4 Qd6 19. Ne4 Qxd5 20. g3 Be7 21. b5 b6
22. h4 Kh8 23. Bf3 Bb7 24. Bg5 Rab8 25. g4 Qe6 26. Qe2 Rbd8 27. Qb2 d5 28. Nd2
f6 29. Bh6 e4 30. dxe4 dxe4 31. Rfe1 Bb4 32. Bxe4 Qxg4+ 33. Kf1 Qh3+ 34. Ke2
Bxe4 35. Kd1 Bf3+ 36. Kc2 Qf5+ 37. Kb3 Bd5+ 38. Nc4 Qd3+ 39. Ka2 Bxc4+ 0-1

[Event "AUTO-INT-3660"]
[Site "http://www.queenalice.com/game.php?id=1649826"]
[Date "2021.4.16"]
[Round "1"]
[White "Torpedo_Titz"]
[Black "SamuraiJOM"]
[Result "0-1"]
[WhiteElo "1668"]
[BlackElo "1649"]

1. e4 e5 2. Nf3 Nc6 3. d4 exd4 4. Nxd4 Nxd4 5. Qxd4 d6 6. Nc3 Be6 7. Bc4 Nf6 8.
Bf4 c5 9. Bb5+ Bd7 10. Qc4 d5 11. exd5 Qe7+ 12. Ne2 a6 13. Bc6 Bxc6 14. d6 Qe4
15. Qd3 Qxd3 16. cxd3 Bxg2 17. Rg1 Bc6 18. Be5 O-O-O 0-1

[Event "AUTO-INT-3660"]
[Site "http://www.queenalice.com/game.php?id=1649841"]
[Date "2021.4.16"]
[Round "1"]
[White "Torpedo_Titz"]
[Black "playagain"]
[Result "0-1"]
[WhiteElo "1699"]
[BlackElo "1458"]

1. e4 c5 2. Nc3 Nc6 3. Nf3 d6 4. Bc4 Nf6 5. O-O g6 6. d4 cxd4 7. Nxd4 Bg7 8. Bb5
Qc7 9. Re1 O-O 10. Nd5 Nxd5 11. exd5 Bxd4 12. Bxc6 Qb6 13. Ba4 Bxf2+ 0-1

[Event "AUTO-INT-3660"]
[Site "http://www.queenalice.com/game.php?id=1649842"]
[Date "2021.4.16"]
[Round "1"]
[White "playagain"]
[Black "Torpedo_Titz"]
[Result "1-0"]
[WhiteElo "1496"]
[BlackElo "1673"]

1. c4 e5 2. Nc3 b6 3. g3 Bb7 4. e4 Nf6 5. Bg2 Na6 6. Nge2 Bc5 7. O-O Nb4 8. a3
Nd3 9. b4 Nxc1 10. Rxc1 Bd6 11. Nd5 a5 12. c5 Bf8 13. Qb3 b5 14. Nec3 Bc6 15. d3
axb4 16. Qxb4 Qb8 17. d4 d6 18. dxe5 dxe5 19. Qb2 Bxc5 20. Nxf6+ gxf6 21. Nd5
1-0

[Event "AUTO-INT-3660"]
[Site "http://www.queenalice.com/game.php?id=1649843"]
[Date "2021.4.16"]
[Round "1"]
[White "Torpedo_Titz"]
[Black "Tenor"]
[Result "1-0"]
[WhiteElo "1652"]
[BlackElo "1603"]

1. e4 e5 2. Nf3 Nc6 3. c4 Nf6 4. d3 Bc5 5. Be2 Ng4 6. O-O O-O 7. Bg5 Be7 8. Qd2
d6 9. h3 Nf6 10. g4 b6 11. Qe3 Nb4 12. Rc1 c5 13. a4 a5 14. Nc3 h6 15. Kg2 hxg5
16. Nxg5 Nh7 17. h4 Nxg5 18. hxg5 Bxg5 19. Qh3 f6 20. Rh1 Bh6 21. Nd5 Nxd5 22.
cxd5 Ba6 23. b3 b5 24. Rh2 Kf7 25. g5 fxg5 26. Qe6# 1-0

[Event "AUTO-INT-3660"]
[Site "http://www.queenalice.com/game.php?id=1649844"]
[Date "2021.4.16"]
[Round "1"]
[White "Tenor"]
[Black "Torpedo_Titz"]
[Result "0-1"]
[WhiteElo "1603"]
[BlackElo "1632"]

1. d4 d5 2. Nc3 e6 3. Bf4 Bd6 4. Nh3 Nf6 5. e3 O-O 6. Be2 Nc6 7. Bd3 Qe7 8. O-O
e5 9. dxe5 Nxe5 10. Nb5 Bc5 11. Qe1 c6 12. Nd4 Bd7 13. a3 Nh5 14. Nf5 Bxf5 15.
Bxf5 Qf6 16. Bd3 Nxd3 17. Qc3 Ndxf4 18. Qxc5 Ne2+ 19. Kh1 b6 20. Qb4 a5 21. Qxb6
Rfb8 22. Qc7 Rxb2 23. Rab1 g5 24. Rfe1 Rxc2 25. g4 Qf3# 0-1

[Event "Escacs 43"]
[Site "http://www.queenalice.com/game.php?id=1759545"]
[Date "2021.5.15"]
[Round "-"]
[White "alterego"]
[Black "Torpedo_Titz"]
[Result "0-1"]
[WhiteElo "1671"]
[BlackElo "1684"]

1. d4 d5 2. c4 e6 3. g3 Ne7 4. Bg2 e5 5. c5 exd4 6. Nf3 Nf5 7. O-O Bxc5 8. Bg5
Qd7 9. Nbd2 O-O 10. Ne5 Qe6 11. Nd3 h6 12. Bf4 Bd6 13. Bxd6 Qxd6 14. b3 Re8 15.
f4 Ne3 16. Qe1 Nc2 17. Qf2 Nxa1 18. Rxa1 Nc6 19. Nf3 Bf5 20. Nde5 Qb4 21. Nxc6
Qc3 22. Re1 bxc6 23. Nxd4 Bg6 24. Bh3 Qd2 25. Bd7 Re3 26. Bxc6 Rb8 27. Nf3 Qc3
28. Bxd5 Rbe8 29. Ne5 Rd8 30. Nxg6 Rxd5 31. Ne5 Re4 32. Kg2 c5 33. Kh3 f6 34.
Ng6 Qd2 35. Qf3 Rdd4 36. f5 Qxe1 37. Nf4 g5 38. Kg4 gxf4 39. Kh5 fxg3 40. hxg3
Qxe2 41. Qxe2 Rxe2 42. Kxh6 Rh2+ 43. Kg6 Rd6 44. g4 Rxa2 0-1

[Event "Escacs 44"]
[Site "http://www.queenalice.com/game.php?id=1759546"]
[Date "2021.5.15"]
[Round "-"]
[White "alterego"]
[Black "Torpedo_Titz"]
[Result "0-1"]
[WhiteElo "1671"]
[BlackElo "1667"]

1. d4 Nc6 2. Nf3 g6 3. g3 Bg7 4. c3 d5 5. Bg2 Bd7 6. O-O e6 7. Bg5 Nce7 8. Nbd2
h6 9. Bf4 h5 10. Ne5 Bc8 11. Qa4+ Kf8 12. Ndf3 f6 13. Nd3 g5 14. Bd2 b6 15. Qb4
h4 16. e3 Ba6 17. Nfe1 Rc8 18. Bh3 c5 19. dxc5 bxc5 20. Qg4 Nf5 21. f4 Ngh6 22.
Qe2 Qb6 23. Rf3 g4 24. Bxg4 Nxg4 25. Kg2 hxg3 26. h3 Nf2 27. e4 Rxh3 28. exf5
Rh2+ 29. Kxg3 Nxd3 30. Qxh2 Qxb2 31. Nxd3 Qxa1 32. Nxc5 Rxc5 33. Be3 Rxc3 34.
fxe6 f5 35. Qh3 Qe1+ 36. Bf2 Rxf3+ 37. Kxf3 Qxe6 38. Bc5+ Kf7 39. Qh7 Qe4+ 40.
Kg3 Qe1+ 41. Bf2 Qa1 42. Kh4 Qh1+ 43. Kg5 Qxh7 0-1

[Event "Let's Play I-10"]
[Site "http://www.queenalice.com/game.php?id=1763652"]
[Date "2021.7.6"]
[Round "-"]
[White "Rider"]
[Black "Torpedo_Titz"]
[Result "1-0"]
[WhiteElo "1541"]
[BlackElo "1650"]

1. Nc3 b6 2. d4 Nf6 3. e4 Bb7 4. Bd3 d6 5. d5 c6 6. dxc6 Nxc6 7. Bb5 a6 8. Be2
b5 9. Nf3 Ne5 10. Nxe5 dxe5 11. f3 h5 12. O-O b4 13. Na4 Qa5 14. b3 Rd8 15. Bd3
e6 16. Qe2 Bc5+ 17. Kh1 Bd4 18. Bb2 Bxb2 19. Nxb2 Qa3 20. Nc4 g5 21. Nxa3 bxa3
22. Bxa6 Bc8 23. Qb5+ Nd7 24. Rfd1 Bxa6 25. Qxa6 f5 26. Qxe6+ 1-0

[Event "Let's Play I-12"]
[Site "http://www.queenalice.com/game.php?id=1763655"]
[Date "2021.7.6"]
[Round "-"]
[White "Torpedo_Titz"]
[Black "Rider"]
[Result "1-0"]
[WhiteElo "1630"]
[BlackElo "1566"]

1. e4 d6 2. d4 e5 3. d5 Nf6 4. Nc3 Bg4 5. Nge2 Be7 6. a3 c6 7. f4 cxd5 8. exd5
O-O 9. Qd3 Qd7 10. h3 Bf5 11. Qd2 Bg6 12. g4 e4 13. f5 Bxf5 14. gxf5 Qxf5 15.
Ng3 Qe5 16. Rg1 Nbd7 17. b4 Nb6 18. a4 e3 19. Qxe3 Qxe3+ 20. Bxe3 Nfxd5 21. Nxd5
Nxd5 22. Bd2 Rfe8 23. Kf2 Bh4 24. c4 Nc7 25. Bg2 Rab8 26. Bf4 Rbd8 27. Rae1 Ne6
28. Re4 Bf6 29. Rge1 Bd4+ 30. Kf3 Bb6 31. c5 dxc5 32. a5 Bc7 33. Bxc7 Nxc7 34.
bxc5 f5 35. Nxf5 Rf8 36. Kg4 Nd5 37. Ne7+ Nxe7 38. Rxe7 h6 39. Bxb7 Rd4+ 40.
R1e4 Rd1 41. c6 Rg1+ 42. Kh4 Kh7 43. c7 Rc1 44. c8=Q Rfxc8 45. Bxc8 Rxc8 46.
Rxa7 Kg6 47. Rg4+ Kf6 48. Raxg7 Ra8 49. R7g6+ Kf7 50. a6 Rh8 51. Kh5 Ke7 52.
Rxh6 Rxh6+ 53. Kxh6 Kd7 54. a7 Kc7 55. a8=Q Kb6 56. Qb8+ Kc6 57. Kg6 Kd5 58. h4
Kc5 59. h5 Kc6 60. Rg5 Kd7 61. Qb6 Ke7 62. h6 Kd7 63. h7 Ke7 64. h8=Q Kd7 65.
Qhd8# 1-0

[Event "Challenge"]
[Site "http://www.queenalice.com/game.php?id=1768708"]
[Date "2021.9.4"]
[Round "-"]
[White "Rider"]
[Black "Torpedo_Titz"]
[Result "0-1"]
[WhiteElo "1509"]
[BlackElo "1643"]

1. e4 Nc6 2. Bb5 g6 3. Bxc6 bxc6 4. d4 Ba6 5. Nf3 Qb8 6. Ne5 Bg7 7. c3 Nf6 8.
Bg5 Nxe4 9. Be3 Qxb2 10. Nd2 Nxc3 11. Qc1 Rb8 12. Qxb2 Rxb2 13. a3 c5 14. a4 Rc2
15. f3 Nd5 16. Kf2 Nxe3 17. Kxe3 cxd4+ 18. Kxd4 Rxd2+ 19. Ke3 Rxg2 20. Kf4 d5
21. Rab1 Bh6# 0-1

[Event "Let's Play Chess!"]
[Site "http://www.queenalice.com/game.php?id=1770143"]
[Date "2021.9.18"]
[Round "-"]
[White "charles31"]
[Black "Torpedo_Titz"]
[Result "1-0"]
[WhiteElo "1716"]
[BlackElo "1654"]

1. e4 Na6 2. d4 g6 3. e5 Nh6 4. h3 d6 5. exd6 Qxd6 6. Nf3 Bd7 7. Be3 Qb4+ 8.
Nbd2 Qxb2 9. Qb1 Qxb1+ 10. Rxb1 O-O-O 11. Bxa6 bxa6 12. Ke2 Ba4 13. c3 Nf5 14.
Rb2 Nxe3 15. fxe3 f6 16. Rhb1 Bh6 17. Rb4 Bc6 18. c4 Bxf3+ 19. Nxf3 Kd7 20. Rb7
Ra8 21. e4 e6 22. R1b4 Bf8 23. Ra4 Kc8 24. Rb3 Rb8 25. Rxa6 Rxb3 26. axb3 Kb7
27. Rxe6 Bg7 28. Kd3 g5 29. b4 h5 30. g3 g4 31. hxg4 hxg4 32. Nh4 Bh6 33. Ng6
Rh7 34. Rxf6 c6 35. Nh4 Bc1 36. Rg6 Ba3 37. b5 cxb5 38. cxb5 Be7 39. Nf5 Kc7 40.
Rxg4 Bf8 41. Rg6 Rh1 42. Ne3 Rb1 43. Nd5+ Kb7 44. Kc4 Rc1+ 45. Nc3 1-0

[Event "Let's Play Chess!"]
[Site "http://www.queenalice.com/game.php?id=1772908"]
[Date "2021.10.24"]
[Round "-"]
[White "Torpedo_Titz"]
[Black "charles31"]
[Result "0-1"]
[WhiteElo "1640"]
[BlackElo "1662"]

1. Nf3 d5 2. b3 Nf6 3. Bb2 e6 4. Ne5 Nbd7 5. f4 Nxe5 6. fxe5 Nd7 7. e3 Bb4 8.
Bd3 Qg5 9. a3 Ba5 10. b4 Qxg2 0-1